Phương hướng và biện pháp đa canh hóa trong sản xuất nông nghiệp ở các tỉnh phía Nam : Luận án Phó tiến sĩ Khoa học Kinh tế - Chuyên ngành: Kinh tế, Quản lý và kế hoạch hóa Kinh tế Quốc dân

Na minha lista:
Detalhes bibliográficos
Autor principal: Nguyễn, Tài
Formato: Luận văn
Idioma:Undetermined
Publicado em: Viện Kinh tế học 1996
Assuntos:
Tags: Adicionar Tag
Sem tags, seja o primeiro a adicionar uma tag!
Thư viện lưu trữ: Trung tâm Thư viện - Trường Đại học Công nghiệp TP. Hồ Chí Minh
LEADER 00732nam a2200157Ia 4500
001 UIH_01849
008 230809s9999 xx 000 0 und d
082 |a 338.1 
100 |a Nguyễn, Tài 
245 0 |a Phương hướng và biện pháp đa canh hóa trong sản xuất nông nghiệp ở các tỉnh phía Nam : Luận án Phó tiến sĩ Khoa học Kinh tế - Chuyên ngành: Kinh tế, Quản lý và kế hoạch hóa Kinh tế Quốc dân 
245 0 |c Nguyễn, Tài 
260 |b Viện Kinh tế học 
260 |c 1996 
650 |a Nông nghiệp 
927 |a Luận văn 
980 |a Trung tâm Thư viện - Trường Đại học Công nghiệp TP. Hồ Chí Minh